literature featuring animals - Statistics

General Stats
  • This quiz has been taken 27 times
  • The average score is 7 of 15
Answer Stats
title type author year animal % Correct
The Raven poem Edgar Allan Poe 1845 raven
100%
Moby-Dick novel Herman Melville 1851 sperm whale
100%
White Fang novel Jack London 1906 wolfdog
96%
Charlotte's Web novel E. B. White 1952 pig, spider
88%
The Call of the Wild novel Jack London 1903 dog
63%
Watership Down novel Richard Adams 1972 rabbit
63%
Lord of the Flies novel William Golding 1954 pig
58%
The Old Man and the Sea novella Ernest Hemingway 1952 marlin
54%
Nineteen Eighty-Four novel George Orwell 1949 rat
29%
Stopping by Woods on a Snowy Evening poem Robert Frost 1923 horse
21%
Silence of the Lambs novel Thomas Harris 1988 death's-head moth
17%
The Master and Margarita novel Mikhail Bulgakov 1966 house cat
17%
We Have Always Lived in the Castle novel Shirley Jackson 1962 house cat
13%
The Catcher in the Rye novel J.D. Salinger 1951 duck
4%
The Glass Menagerie play Tennessee Williams 1944 unicorn
4%
No matching quizzes found
Score Distribution
Percent of People with Each Score
Percentile by Number Answered
Your Score History
You have not taken this quiz